000 00780nam a2200241Ia 4500
003 OSt
005 20220923220905.0
006 a|||||r|||| 00| 0
007 ta
008 220922b |||||||| |||| 00| 0 hin d
024 _a191,925
037 _cTextual
040 _aARTS
_cARTS
_bhin
041 _2hin
_ahin
082 _aSv, 152K3
100 _aजायसवाल, सीताराम
245 0 _aमनोविज्ञान की ऐतिहासिक रूपरेखा
246 _ahinovijnyān kī aitihāsik rūparekhā
260 _c1963
490 _aहिन्दी समिति गं्रथमाला; 75
942 _hSv, 152K3
_cTEXL
_2CC
999 _c344578
_d344578